000 00719nam a22002057a 4500
001 1236
005 20240515115103.0
020 _a9781848104686
040 _aFISKH
_beng
_cFISKH
_deng
082 _a590
100 _aParker, Steve
245 _aAnimals /
_bhow nature works
260 _aEssex :
_bMiles Kelly,
_c2011.
300 _a40 pages :
_c30 cm.
490 _aHow nature works
520 _aThis title examines 15 animal traits, from the incredible speed of the cheetah to the amazing flight of birds. Highly technical and realistic artwork is presented in overlay views on dramatic photos to help children understand how animal anatomy works.
650 _2Zoology
655 _aZoology
942 _2ddc
_cBK
_n0
999 _c1236
_d1236